000 00464cam a2200193ua 4500
001 2698
005 20260515113544.0
008 110908n ii |||gr||||Z||||||asm
040 _cMAIN
082 _a891.4512
100 _aHazarika, Atul Chandra,
245 1 1 _aTikendrajit
_cby Atul Chandra Hazarika
250 _a2nd.
260 _aGuahati:
_bJunaki Prakash,972.
300 _a84p:
_c23cm.
653 _aAssamese drama
653 _aTikendrajit
942 _cBK
999 _c2547
_d2547